Mentiras verdaderas = True Lies /
Un agente secreto gubernamental que lucha contra el terrorismo nuclear aparenta ante su familia ser un vendedor de computadoras sin mucha gracia. Cuando su matrimonio se encuentra en una encrucijada, debe sacar a la luz su verdadera profesión y apoyarse en su esposa para salvar la vida de su pequeña...
Guardado en:
| Autor principal: | |
|---|---|
| Otros autores: | , , |
| Formato: | |
| Idioma: | Inglés |
| Temas: | |
| Etiquetas: |
Sin etiquetas, Sé el primero en etiquetar este registro!
|
MARC
| LEADER | 00000ngm^a2200000^a^4500 | ||
|---|---|---|---|
| 001 | 000342813 | ||
| 005 | 20250521000000.0 | ||
| 009 | 20260310114602.76 | ||
| 037 | |a Acervo ITESO - Biblioteca | ||
| 041 | |a ING | ||
| 082 | |a 810. |b CAM | ||
| 100 | |a Cameron, James |e (realización) | ||
| 245 | 1 | 0 | |a Mentiras verdaderas = |b True Lies / |c Realización de J. Cameron. |
| 264 | 2 | |a México : |b Universal Pictures [distribución], |c 2004, c2004 | |
| 300 | |a 1 DVD regiones 2, 3 y 4 |c (141 min.) | ||
| 336 | |a imagen móvil bidimensional |b tdi |2 rdacontenido | ||
| 337 | |a video |b v |2 rdamedio | ||
| 338 | |a videodisco |b vd |2 rdasoporte | ||
| 520 | |a Un agente secreto gubernamental que lucha contra el terrorismo nuclear aparenta ante su familia ser un vendedor de computadoras sin mucha gracia. Cuando su matrimonio se encuentra en una encrucijada, debe sacar a la luz su verdadera profesión y apoyarse en su esposa para salvar la vida de su pequeña hija. | ||
| 546 | |a En inglés, con subtítulos opcionales: español, cantonés, coreano, inglés, portugués, thai | ||
| 649 | |a XX | ||
| 650 | |a Espías en el Cine | ||
| 650 | |a Películas Policíacas | ||
| 650 | |a Cine Norteamericano - |y 1990-1999 | ||
| 650 | |a Cine Norteamericano - |y Siglo XX | ||
| 650 | |a Mentira | ||
| 650 | |a Relaciones de Pareja | ||
| 650 | |a Armas Nucleares | ||
| 650 | |a Terrorismo - |z EUA | ||
| 650 | |a Espionaje y Contraespionaje - |z EUA | ||
| 700 | |a Schwarzenegger, Arnold |e (actuación) | ||
| 700 | |a Curtis, Jamie Lee |e (actuación) | ||
| 700 | |a Arnold, Tom |e (actuación) | ||
| 910 | |a Fondo General | ||
| 920 | |a Audiovisuales - DVDs | ||
| 940 | |a Películas | ||
| 905 | |a 302 | ||
| 901 | |a 0500235184 |b IT2 |c DVS |i C140816 |u 20250521 | ||
| 902 | |a https://opac.biblio.iteso.mx/vufind/Record/000342813 | ||